| 000 | 00956aam a2200385a 44500 | ||
|---|---|---|---|
| 008 | 930106s1990 cat | ||
| 017 | _aB-6702-1990 | ||
| 041 | _acat | ||
| 041 | _bspa | ||
| 080 | _a642(038) | ||
| 100 |
_aAymà, J.M. _963793 |
||
| 245 | _aLèxic de bars i cafeteries | ||
| 245 | _cJosep M Aymà | ||
| 245 | _cMontserrat Planas | ||
| 245 | _cRamon Torrents | ||
| 250 | _a2a ed | ||
| 260 | _a[Barcelona] | ||
| 260 | _bDepartament de Cultura de la Generalitat de Catalunya | ||
| 260 | _c1990 | ||
| 300 |
_a22 p. _c24 cm |
||
| 500 | _aÀmbit d'ús | ||
| 520 | _aaprox. 1.000 | ||
| 591 | _a2305 | ||
| 592 | _aObra terminològica | ||
| 593 | _aKQ | ||
| 594 | _a2305 | ||
| 650 |
_agastronomia _960827 |
||
| 700 |
_aPlanas, Montserrat _965971 |
||
| 700 |
_aTorrents, R. _961685 |
||
| 901 | _c<1990> | ||
| 902 | _a930106 | ||
| 942 |
_cMO _n0 |
||
| 999 |
_c54901 _d54901 |
||